[Event "Niederoesterreich-ch Seniors op"]
[Site "Spitz in der Wachau"]
[Date "2020.10.11"]
[Round "1"]
[White "Dobersberger, Werner"]
[Black "Hollstein, Frank"]
[Result "0-1"]
[WhiteElo "1856"]
[BlackElo "2061"]
[PlyCount "84"]
[EventDate "2020.10.11"]
[EventType "swiss"]
[EventRounds "7"]
[EventCountry "AUT"]
[SourceTitle "CBM 198 Extra"]
[Source "ChessBase"]
[SourceDate "2020.11.30"]
[SourceVersion "1"]
[SourceVersionDate "2020.11.30"]
[SourceQuality "1"]

1. d4 e6 2. c4 Bb4+ 3. Bd2 a5 4. a3 Be7 5. Nc3 f5 6. g3 Nf6 7. Bg2 0-0 8. Nf3 Ne4 9. h4 d5 10. cxd5 exd5 11. Bf4 Nxc3 12. bxc3 Ra6 13. Ne5 Re6 14. Qb3 c6 15. Rb1 Nd7 16. e3 Nxe5 17. Bxe5 b5 18. Qc2 Bxa3 19. Bh3 Ree8 20. h5 Bd7 21. f4 Rf7 22. Qg2 Bf8 23. Ke2 Qc8 24. Rbg1 Be6 25. Qf3 a4 26. g4 fxg4 27. Bxg4 Bxg4 28. Rxg4 Qa6 29. Qg3 b4+ 30. Kf2 c5 31. Rg1 Qh6 32. Qf3 Qe6 33. Qg2 Ree7 34. Qh3 b3 35. Bxg7 Rxg7 36. Rxg7+ Bxg7 37. f5 Rf7 38. Qg3 Qxf5+ 39. Ke1 Qxh5 40. Qb8+ Rf8 41. Qc7 Qf7 42. Qg3 a3 0-1